000 00580nam a2200193Ia 4500
003 GCL
008 140319s9999 xx 000 0 ara d
040 _aGCL /
_cGCL
082 0 4 _a250
_bع ع
100 1 _aعبدالوهاب خلاف
245 1 0 _aعلم اصول الفقة /
_cعبدالوهاب خلاف
260 _a[S.N] :
_bمكتبة الدعوة الاسلامية
300 _a236 ص
490 _a
650 0 4 _aالاحكام الشرعية
650 0 4 _aالشريعة الاسلامية
650 0 4 _aاصول الفقه الاسلامى
942 _2ddc
_cBK
999 _c31610
_d31610